Normal view
MARC view
Entry Personal Name
001 - CONTROL NUMBER
- control field: 56094
003 - CONTROL NUMBER IDENTIFIER
- control field: dpl
005 - DATE AND TIME OF LATEST TRANSACTION
- control field: 20230906163959.0
008 - FIXED-LENGTH DATA ELEMENTS
- fixed length control field: 230906|| aca||aabn | a|a d
040 ## - CATALOGING SOURCE
- Original cataloging agency: dpl
- Transcribing agency: dpl
100 ## - HEADING--PERSONAL NAME
- Personal name: शर्मा सुनीता
670 ## - SOURCE DATA FOUND
- Source citation: Work cat.: (dpl)197945: शर्मा सुनीता , अहसास के पल , 2023
